Prestressed Concrete Structures (Record no. 5740)

MARC details
000 -LEADER
fixed length control field 00358nam a2200145Ia 4500
008 - FIXED-LENGTH DATA ELEMENTS--GENERAL INFORMATION
fixed length control field 191201s2013 xx 000 0 und d
082 ## - DEWEY DECIMAL CLASSIFICATION NUMBER
Classification number 624.183412
Item number DAP
100 ## - MAIN ENTRY--PERSONAL NAME
Personal name DAYARATNAM, P
245 #0 - TITLE STATEMENT
Title Prestressed Concrete Structures
250 ## - EDITION STATEMENT
Edition statement Sth
260 ## - PUBLICATION, DISTRIBUTION, ETC. (IMPRINT)
Place of publication, distribution, etc N. Delhi
Name of publisher, distributor, etc Oxford and IBH pub
Date of publication, distribution, etc 2013
300 ## - PHYSICAL DESCRIPTION
Extent 479
650 ## - SUBJECT ADDED ENTRY--TOPICAL TERM
Topical term or geographic name as entry element B.Tech(CE)
942 ## - ADDED ENTRY ELEMENTS (KOHA)
Source of classification or shelving scheme Dewey Decimal Classification
Koha item type Text Books
Holdings
Withdrawn status Lost status Source of classification or shelving scheme Damaged status Not for loan Collection code Home library Current library Date acquired Source of acquisition Cost, normal purchase price Bill Number Total Checkouts Full call number Acc. no. / Barcode Date last seen Bill Date Koha item type
    Dewey Decimal Classification     B.Tech(CE) PIET C-LIBRARY PIET C-LIBRARY 20/05/2015 IBH, New Delhi 375.00 1760   624.183412 DAP 22556 04/12/2019 20/05/2013 Text Books
    Dewey Decimal Classification     B.Tech(CE) PIET C-LIBRARY PIET C-LIBRARY 20/05/2015 IBH, New Delhi 375.00 1760   624.183412 DAP 22557 04/12/2019 20/05/2013 Text Books
    Dewey Decimal Classification     B.Tech(CE) PIET C-LIBRARY PIET C-LIBRARY 20/05/2015 IBH, New Delhi 375.00 1760   624.183412 DAP 22558 04/12/2019 20/05/2013 Text Books
    Dewey Decimal Classification     B.Tech(CE) PIET C-LIBRARY PIET C-LIBRARY 20/05/2015 IBH, New Delhi 375.00 1760   624.183412 DAP 22559 04/12/2019 20/05/2013 Text Books
    Dewey Decimal Classification     B.Tech(CE) PIET C-LIBRARY PIET C-LIBRARY 20/05/2015 IBH, New Delhi 375.00 1760   624.183412 DAP 22560 04/12/2019 20/05/2013 Text Books

Design & Developed by: PIET Central Library
R70 Miles Stone Pattikalyana Samalkha Panipat 132102
mail ID :- [email protected], Phone No:- 0180-2569700 Ex.216